Представление документа в формате MARC21

ПолеНазваниеЗначение
  Тип записи a
  Библиографический уровень m
001 Контрольный номер RU/URAIT/540801
003 Принадлежность контрольного номера https://urait.ru/bcode/540801
005 Дата корректировки 20240827112618.1
008 Кодируемые данные
020 Индекс ISBN __
a ISBN 978-5-534-08722-2
c Цена, тираж 449.00
040 Источник каталогиз. __
a Служба первич. каталог. ИКО Юрайт
b Код языка каталог. rus
c Служба, преобразующая запись ИКО Юрайт
041 Код языка издания 0_
a Код языка текста rus
044 Код страны публикации __
a Код страны публикации RU
073 _1
a 9785534087222
d 449.00
080 Индекс УДК __
a Индекс УДК 621.374(075.32)
084 Индекс другой классификации/Индекс ББК __
a Индекс другой классификации/Индекс ББК 32.842я723
2 Источник индекса rubbk
091 Индексы/ коды __
a Индекс ББК (DOS) 32.842я723
z rubbk
100 Автор 1_
a Автор Коломейцева М. Б.
q Полное имя Маргарита Борисовна
230 __
a Электрон. дан.
245 Заглавие 00
a Заглавие Основы импульсной и цифровой техники
b Продолж. заглавия учебное пособие
c Ответственность М. Б. Коломейцева, В. М. Беседин, Т. В. Ягодкина.
250 Сведения об издании __
a Основные сведения об издании 2-е изд.
b Дополнительные сведения об издании испр. и доп
260 Выходные данные 1_
a Место издания Москва
b Издательство Юрайт
c Дата издания 2024
300 Физическое описание __
a Объем 124 с
440 Серия _0
a Серия Профессиональное образование
500 Примечания __
a Примечание URL: https://urait.ru/bcode/540801 (дата обращения: 27.08.2024).
520 Аннотация __
a Аннотация В настоящем пособии рассматриваются основные теоретические положения анализа и синтеза линейных импульсных и цифровых систем. Рассмотрены свойства и теоремы дискретного преобразования Лапласа, вопросы определения временных и частотных характеристик, понятие и оценка устойчивости, синтез систем с заданными свойствами. Книга снабжена контрольными вопросами и заданиями на проверку усвоения материала.
538 Прим. о системных особенностях __
a Прим. о системных особенностях Режим доступа: Электронно-библиотечная система Юрайт, для авториз. пользователей
653 Ключевые слова 2_
a Ключевые слова Электротехника, электроника, телекоммуникации
653 Ключевые слова 2_
a Ключевые слова Технические науки и информационные технологии
653 Ключевые слова 2_
a Ключевые слова Основы импульсной и цифровой техники
653 Ключевые слова 2_
a Ключевые слова Основы электронных импульсных приборов
653 Ключевые слова 2_
a Ключевые слова Цифровая техника
653 Ключевые слова 2_
a Ключевые слова Основы цифровой техники
653 Ключевые слова 2_
a Ключевые слова Импульсная техника
700 Другие авторы 1_
a Другие авторы Беседин В. М.
q Полное имя Валерий Михайлович
700 Другие авторы 1_
a Другие авторы Ягодкина Т. В.
q Полное имя Татьяна Владимировна
856 Электронный адрес документа 40
n Местонахождение сервера Юрайт
g Электронная книга
q Тип электронного формата html
h Имя пользователя ЮРАЙТ
v Часы доступа к ресурсу 20251231
2 Способ доступа Показать документ
x Служебное примечание https://urait.ru/book/cover/37A835C8-862E-4C02-A7E9-499786520198
u URL https://urait.ru/bcode/540801
856 Электронный адрес документа 41
q Тип электронного формата cover
u URL https://urait.ru/book/cover/37A835C8-862E-4C02-A7E9-499786520198